Movies Quiz

Random Movies or Actor Quiz
Score 0/24 Timer 07:00
0 Plays Today
Cryptic Clue + Number of Movies The Actor % Correct
PADD (3 movies)Paul Rudd
88.7%
LENN (4 movies)Leslie Mann
83%
JOLL (3 movies)Jonah Hill
81.1%
SEEN (3 movies)Seth Rogen
79.2%
IROW (3 movies)Iris Apatow
75.5%
MAOW (3 movies)Maude Apatow
73.6%
JAEL (2 movies)Jason Segel
73.6%
BIER (2 movies)Bill Hader
66%
BRWN (2 movies)Brianna Brown
43.4%
STOS (2 movies)Steve Bannos
35.8%
TIEY (2 movies)Tim Bagley
34%
MONS (2 movies)Mo Collins
34%
Cryptic Clue + Number of Movies The Actor % Correct
BEON (2 movies)Ben Meyerson
34%
CHYI (2 movies)Charlyne Yi
34%
ERPS (2 movies)Erica Vittina Phillips
32.1%
DALL (2 movies)Dave Attell
30.2%
CALO (2 movies)Carla Gallo
28.3%
JOIA (2 movies)Joseph T. Mastrolia
26.4%
MANE (2 movies)Matt McKane
26.4%
DEON (2 movies)Denise Meyerson
26.4%
WAAN (3 movies)Wayne Federman
24.5%
STLS (2 movies)Stormy Daniels
15.1%
NINE (2 movies)Nicol Paone
13.2%
LOHT (2 movies)Loudon Wainwright III
9.4%
Remove Ads.
Support Sporcle.
Get the best of Sporcle when you Go Orange. This ad-free experience offers more features, more stats, and more fun while also helping to support Sporcle. Thank you for becoming a member.

You're not logged in!

Compare scores with friends on all Sporcle quizzes.
OR
Log In

Show Comments

Extras

Top Quizzes Today


Score Distribution

Your Account Isn't Verified!

In order to create a playlist on Sporcle, you need to verify the email address you used during registration. Go to your Sporcle Settings to finish the process.

Report this User

Report this user for behavior that violates our Community Guidelines.

Details: